El metrogoldin

Đã lưu trong:
Chi tiết về thư mục
Tác giả chính: Rosasco, José Luis (Tác giả)
Định dạng: Sách
Ngôn ngữ:Tiếng Tây Ban Nha
Được phát hành: Santiago Isla Negra 1985
Những chủ đề:
Các nhãn: Thêm thẻ
Không có thẻ, Là người đầu tiên thẻ bản ghi này!

MARC

LEADER 00000nam a2200000 a 4500
001 UCN1040
003 CL-VaPUC
008 010420e19850000CL |||||||||||||||||spa|d
082 0 4 |a Ch863  |b ROS  |2 21 
100 0 |a Rosasco, José Luis  |e author  |9 456406 
245 1 3 |a El metrogoldin 
300 |a 162 p 
942 |c BK 
945 |d 20010420 00:00:00  |a vberengu 
260 |a Santiago  |b Isla Negra  |c 1985 
650 0 |a Literatura chilena   |9 308278 
650 0 |a Cuentos chilenos   |9 308280 
583 |a last modification  |c 20010420 00:00:00  |k Rodrigo Vera 
999 |c 294633  |d 294631 
952 |0 0  |1 0  |4 0  |6 CH_863_000000000000000_ROS_1985  |7 0  |8 A  |9 347200  |a BIBEDU  |b BIBEDU  |d 2019-11-20  |i 3712419  |o Ch863 ROS 1985  |p 3712419  |r 2019-11-20  |w 2019-11-20  |y BK  |k LIT